The history and antiquities of Staffordshire (Record no. 113822)

MARC details
000 -LEADER
fixed length control field 01615cam a22001815a 4500
001 - CONTROL NUMBER
control field L155786
008 - FIXED-LENGTH DATA ELEMENTS--GENERAL INFORMATION
fixed length control field 120416m17981801xxk f 000 0 eng d
035 ## - SYSTEM CONTROL NUMBER
System control number (Sirsi) u155786
041 0# - LANGUAGE CODE
Language code of text/sound track or separate title eng
100 1# - MAIN ENTRY--PERSONAL NAME
Personal name Shaw, Stebbing
Dates associated with a name 1762-1802
245 04 - TITLE STATEMENT
Title The history and antiquities of Staffordshire
Remainder of title Compiled from the manuscripts of Huntbach, Loxdale, Bishop Lyttelton, and other collections of Dr. Wilkes. The Rev. T. Feilde, &c. &c. including Erdeswick's survey of the county; and the approved parts of Dr. Plot's natural history. The whole brought down to the present time; interspersed with pedigrees and anecdotes of families; observations on agriculture, commerce, mines, and manufactories; and illustrated with a very full and correct new map of the county, agri staffordiensis icon, and numerous other plates. By the Rev. Stebbing Shaw, B.D. F.A.S. and fellow of Queen's College, Cambridge. ... . Containing the antient and modern history of thirty parishes in the hundred of offlow, arranged geographically, with an appendix of the most curious charters, &c. illustrated with sixty-two copper plates, and a copious index
260 ## - PUBLICATION, DISTRIBUTION, ETC.
Place of publication, distribution, etc. London
Name of publisher, distributor, etc. printed by and for J. Nichols, Red Lion-Passage, Fleet-Street. Sold also by J. Robson, New Bond-Street; T. Payne, Mews-Gate; J. White, Fleet-Street; and all the principal booksellers in Staffordshire and the adjoining counties
Date of publication, distribution, etc. M.DCC.XCVIII. [1798]-1801
300 ## - PHYSICAL DESCRIPTION
Extent 2v., plates, tables
Other physical details ill., maps
Dimensions 2o
583 0# - ACTION NOTE
Action Condition reviewed
Time/date of action 20120620
Status condition level 2 and 3, loose boards
651 #4 - SUBJECT ADDED ENTRY--GEOGRAPHIC NAME
Geographic name England
Chronological subdivision 886-
690 ## - LOCAL SUBJECT ADDED ENTRY--TOPICAL TERM (OCLC, RLIN)
Topical term or geographic name as entry element Infrastructure
9 (RLIN) 6246
942 ## - ADDED ENTRY ELEMENTS (KOHA)
Suppress in OPAC 0
Holdings
Withdrawn status Lost status Source of classification or shelving scheme Damaged status Not for loan Home library Current library Shelving location Date acquired Total Checkouts Full call number Barcode Date last seen Copy number Price effective from Koha item type
    Dewey Decimal Classification     Historic collection Historic collection Historic collection 16/04/2012   FOLIO 1798 SHAW VOL. 1 30077731 06/08/2019 1 06/08/2019 Book
    Dewey Decimal Classification     Historic collection Historic collection Historic collection 13/02/2013   FOLIO 1798 SHAW VOL. 2 30075906 06/08/2019 1 06/08/2019 Book